Estadísticas para Forma de países en el mapa mundial #3

Haz click aquí para tomar la prueba!

Estadísticas generales

  • Esta prueba ha sido tomada 6.362 veces
  • La puntuación promedio es 18 de 20

Respuestas en el mapa

Las respuestas están codificadas por una escala verde-roja en el mapa de la prueba según el % correcto abajo.
 

Estadísticas de respuestas

País% Correcto
Brasil
100%
Chile
100%
Australia
99%
Italia
99%
Portugal
99%
Irlanda
97%
Madagascar
97%
Noruega
97%
Turquía
95%
Arabia Saudita
94%
Bielorrusia
93%
Nicaragua
92%
Kazajistán
91%
Nepal
89%
Túnez
88%
Camboya
82%
Senegal
80%
Namibia
79%
Tanzania
79%
Camerún
76%

Distribución de puntuación

Porcentaje por número respondido

Porcentaje de gente con cada puntuación

Historial de tus puntuaciones

No has tomado esta prueba